| 000 | 00362nam a2200145Ia 4500 | ||
|---|---|---|---|
| 008 | 240624s9999 xx 000 0 und d | ||
| 041 | _aeng | ||
| 082 | _a658.4012 THO | ||
| 100 | _aTHOMPSON ARTHUR A | ||
| 245 | _aSTRATEGIC MANAGEMENT CONCEPTS AND CASES | ||
| 250 | _a(13th ed.) | ||
| 260 |
_c2004 _aNew Delhi _bMcGrawhill |
||
| 300 | _axxxix, : 788 | ||
| 365 | _cRS | ||
| 999 |
_c111 _d111 |
||